000 00800nam a2200277Ia 4500
003 GCL
008 140319s9999 xx 000 0 ara d
040 _aGCL /
_cGCL
082 0 4 _a301.42
_bس ز
100 1 _aسناء الخولى
245 1 0 _aالزواج والعلاقات الاسرية /
_cسناء الخولى
260 _a[S.N] :
_bدار المعرفة الجامعية ،
_c1995
300 _a376 ص
490 _a
650 0 4 _aالاسرة
650 0 4 _aالزواج
650 0 4 _aالعلاقات الاسرية
650 0 4 _aالاجتماع
650 0 4 _aالخطبة
650 0 4 _aالزفاف
650 0 4 _aالحقوق الزوجية
650 0 4 _aشهر العسل
650 0 4 _aالاباء والابناء
650 0 4 _aالابناء
942 _2ddc
_cBK
999 _c27760
_d27760